Hauptstädte der Welt Quiz - Statistiken

Allgemein
  • Dieses Quiz wurde 555 mal gespielt
  • Das Durchschnittsergebnis liegt bei 82 aus 196
Antworten auf der Karte
Die Antworten werden auf der Karte rot bzw. grün angezeigt, abhängig davon wie oft sie richtig erraten wurden.
 
Antwortstatistiken
Capital % Korrekt
Berlin
87%
Paris
87%
Helsinki
84%
Dublin
83%
Oslo
83%
Stockholm
82%
Kopenhagen
81%
Madrid
81%
Rom
81%
London
78%
Moskau
78%
Athen
76%
Bern
76%
Wien
76%
Brüssel
75%
Lissabon
74%
Tallinn
74%
Reykjavik
73%
Riga
73%
Sofia
72%
Washington D.C.
72%
Warschau
71%
Budapest
70%
Amsterdam
69%
Mexiko-Stadt
69%
Kiew
68%
Ankara
66%
Brasilia
66%
Ottawa
66%
Prag
66%
Bukarest
65%
Luxemburg
65%
Minsk
65%
Peking
64%
Tirana
64%
Andorra la vella
63%
Vilnius
63%
Zagreb
63%
Kairo
62%
Sarajevo
61%
Tokio
61%
Lima
60%
Belgrad
59%
Canberra
59%
Vaduz
59%
Bratislava
58%
Buenos Aires
58%
Vatikanstadt
56%
San Marino
55%
Tunis
55%
Valletta
55%
Bogota
54%
Pristina
54%
Skopje
54%
Algier
53%
Ljubljana
53%
Seoul
53%
Teheran
53%
Havanna
52%
Monaco
51%
Caracas
50%
Jerusalem
50%
Podgorica
50%
Bagdad
49%
Bangkok
49%
Panama-Stadt
49%
Rabat
49%
Wellington
49%
Damaskus
48%
Riad
48%
Santiago de Chile
48%
Jakarta
47%
Kabul
47%
Kapstadt
47%
Quito
47%
Abu Dhabi
46%
Montevideo
45%
Guatemala-Stadt
44%
Pjöngjang
44%
Ulaanbaatar
44%
Chisinau
43%
Islamabad
43%
Nairobi
43%
Nikosia
43%
Tripolis
43%
Baku
42%
Dakar
42%
Nassau
42%
Sanaa
42%
Asunción
41%
Kingston
41%
Tiflis
41%
Addis Abeba
40%
Hanoi
40%
Manila
40%
Singapur
40%
Doha
39%
Kuala Lumpur
39%
Santo Domingo
39%
Beirut
38%
Dhaka
38%
Mogadischu
38%
Port-au-Prince
38%
Maskat
37%
Nursultan
37%
San Salvador
37%
Sucre
37%
Taipeh
37%
Accra
36%
Jerewan
36%
Luanda
36%
San Jose
36%
Windhoek
36%
Georgetown
35%
Kathmandu
35%
Male
35%
Managua
35%
Taschkent
35%
Khartum
34%
Kuwait-Stadt
34%
Amman
33%
Antananarivo
32%
Belmopan
32%
Bischkek
32%
Freetown
32%
Manama
32%
Neu-Dehli
32%
Asgabat
31%
Brazzaville
31%
Juba
31%
Asmara
29%
Bissau
29%
Dili
29%
Dschibuti
29%
Lome
29%
Maputo
29%
Victoria
29%
Abuja
28%
Port Moresby
28%
Port of Spain
28%
Tegucigalpa
28%
Vientiane
28%
Paramaribo
27%
Bamako
26%
Dodoma
26%
Kampala
26%
Kigali
26%
Libreville
26%
St. John's
26%
Duschanbe
25%
Lusaka
25%
Suva
25%
Banjul
24%
Bridgetown
24%
Harare
24%
Praia
24%
St. Georges
24%
Basseterre
23%
Monrovia
23%
Ouagadougou
23%
Porto Novo
23%
Bangui
22%
Maseru
22%
Niamey
22%
Roseau
22%
Apia
21%
Moroni
21%
Port Louis
21%
São Tomé
21%
Conakry
20%
Gaborone
20%
Lilongwe
20%
N’Djamena
20%
Nouakchott
20%
Bandar Seri Begawan
19%
Castries
19%
Mbabane
19%
Naypyidaw
19%
Yaren
19%
Funafuti
18%
Yamoussoukro
18%
Malabo
17%
Port Vila
17%
Gitega
16%
Honiara
16%
Majuro
16%
Palikir
16%
South Tarawa
16%
Yaoundé
16%
Ngerulmud
14%
Nukuʻalofa
14%
Kinshasa
12%
Timphu
11%
Sri Jaya Wardenepura Kotte
10%
Kingstown
9%
Phom Penh
2%
Keine übereinstimmenden Quizze gefunden
Verteilung der Resultate
Anzahl Personen mit jedem Resultat
Perzentil nach korrekt beantworteten Fragen
Ihre Resultats-Entwicklung
Sie haben dieses Quiz noch nicht gespielt